| 000 | | | 03443nac2a22002531x 450 |
| 001 | | | 0b3b989b-9de0-480d-b455-41a70f5dbba1 |
| 005 | | | 20150202093843.0 |
| 100 | ## | $a | 20141203l1917 k y0rusy50 ca |
| 101 | 0# | $a | rus |
| 102 | ## | $a | RU |
| 105 | ## | $a | y z ||||| |
| 122 | 0# | $a | d19171124 |
| 200 | 1# | $a | Телеграмма В. Д. Бонч-Бруевича М. Д. Бонч-Бруевичу. Телеграфный бланк. 24 ноября 1917 г. |
| | $j | 24 ноября 1917 |
| 215 | ## | $a | 1 лист |
| 251 | ## | $c | Дело |
| 330 | ## | $a | IV. Бюро телеграмм; 1917 год |
| 461 | #0 | $1 | 001ad6baeac-e292-4829-90d1-2f4f65796a62 |
| | $1 | 2001 |
| | $a | СОВЕТ НАРОДНЫХ КОМИССАРОВ РСФСР (СНК РСФСР) |
| | $1 | 251 |
| | $c | Фонд |
| | $1 | 852 |
| | $j | 130 |
| | $g | Р |
| 462 | #0 | $1 | 00106032513-a8a9-474a-82d8-2b9d8918034a |
| | $1 | 2001 |
| | $a | 1917 год |
| | $1 | 251 |
| | $c | Опись |
| | $1 | 852 |
| | $j | 1 |
| 600 | #1 | $a | Бонч-Бруевич |
| | $b | В. Д. |
| 600 | #1 | $a | Бонч-Бруевич |
| | $b | М. Д. |
| 601 | 01 | $3 | RU\NLR\AUTH\661074810 |
| | $a | РСФСР |
| | $b | Совет Народных Комиссаров |
| 801 | #0 | $a | RU |
| | $b | GA_RF |
| 801 | #1 | $a | RU |
| | $b | НПО Опыт |
| | $c | 20141203 |
| | $2 | rusmarc |
| 801 | #2 | $a | RU |
| | $b | ПБ им. Б.Н. Ельцина |
| | $c | 20150202 |
| | $g | RCR |
| | $2 | rusmarc |
| 852 | ## | $a | ГА РФ |
| | $j | 129 |
| 937 | ## | $d | 49644404 |
| | $h | ПБ |
| 035 | ## | $a | RuPRLIB52022427 |